| 000 | 00548nam a22002177a 4500 | ||
|---|---|---|---|
| 003 | OSt | ||
| 005 | 20210415113008.0 | ||
| 008 | 210310s1983 ||||| |||| 00| 0 eng d | ||
| 020 | _a0440304245 | ||
| 040 |
_aeng _beng _cDLC |
||
| 041 | _aeng | ||
| 080 |
_a92 _bM-24 |
||
| 100 |
_91325 _aManchester, William |
||
| 245 |
_aAmerican Caesar _c/ by: A Laurel Book |
||
| 260 |
_aNew York _b A Laurel Book _c1983 |
||
| 300 |
_a960 p. _bill. |
||
| 365 | _b6.95 usd | ||
| 650 | 0 |
_9237 _aBiography |
|
| 653 | _aბიოგრაფია | ||
| 942 |
_2udc _cBK |
||
| 999 |
_c2085 _d2085 |
||